000 00250nam a2200085Ia 4500
245 0 _aLife oriantation. Grade 11 : study and master
100 _a TURNER, Mandy Cape Town, 2009
_942783
942 _cBK
008 210818s9999 xx 000 0 und d
999 _c433211
_d433210